Die Jugendsprache in den Medien und im DaF-Unterricht

Elmentve itt :
Bibliográfiai részletek
Szerző: Szügyi Szilvia
További közreműködők: Forgács Erzsébet (Témavezető)
Dokumentumtípus: Szakdolgozat
Megjelent: 2001
Tárgyszavak:
Online Access:http://diploma.bibl.u-szeged.hu/76676
LEADER 00554nta a2200157 i 4500
001 dipl76676
005 20190530122504.0
008 190530s2001 hu om 0|| ger d
040 |a SZTE Diploma Repozitórium  |b hun 
041 |a ger 
100 1 |a Szügyi Szilvia 
245 1 4 |a Die Jugendsprache in den Medien und im DaF-Unterricht  |h [elektronikus dokumentum] /  |c Szilvia Szügyi 
260 |c 2001 
650 4 |a Pedagógusképzés 
700 1 |a Forgács Erzsébet  |e ths 
856 4 0 |u http://diploma.bibl.u-szeged.hu/id/eprint/76676/1/2001_szugyi_szilvia.pdf  |z Dokumentum-elérés